000
00253 a2200109 4500
003
Nust
005
20170207154223.0
040
_c
Nust
082
_a
371.33
245
_a
Holy War Confidential (VHS-144)
440
_a
Holy War Confidential (VHS-144)
538
_a
Duration in Minutes-158
999
_c
195446
_d
195446